Nine Lives: in search of the sacred in modern India (Record no. 1306037)

MARC details
000 -LEADER
fixed length control field 00553nam a2200193Ia 4500
005 - DATE AND TIME OF LATEST TRANSACTION
control field 20250326145019.0
008 - FIXED-LENGTH DATA ELEMENTS--GENERAL INFORMATION
fixed length control field 250326s9999 xx 000 0 und d
020 ## - INTERNATIONAL STANDARD BOOK NUMBER
International Standard Book Number 978-1-4088-0061-4
037 ## - SOURCE OF ACQUISITION
Stock number Textbook
040 ## - CATALOGING SOURCE
Original cataloging agency FMSL
Language of cataloging eng
Transcribing agency FMSL
041 ## - LANGUAGE CODE
Language code of text/sound track or separate title eng
Source of code eng
084 ## - COLON CLASSIFICATION NUMBER
Classification number U8.2 P9
Assigning agency FMSL
100 ## - MAIN ENTRY--PERSONAL NAME
Personal name Dalrymple William
245 #0 - TITLE STATEMENT
Title Nine Lives: in search of the sacred in modern India
Statement of responsibility, etc. Dalrymple William
260 ## - PUBLICATION, DISTRIBUTION, ETC.
Place of publication, distribution, etc. London
Name of publisher, distributor, etc. London, Bloomsbury
Date of publication, distribution, etc. 1987
300 ## - PHYSICAL DESCRIPTION
Extent xvi,284
942 ## - ADDED ENTRY ELEMENTS (KOHA)
Koha item type Textbook
Classification part U8.2 P9
Holdings
Withdrawn status Lost status Damaged status Not for loan Home library Current library Date acquired Total Checkouts Full call number Barcode Date last seen Price effective from Koha item type
        Faculty of Management Library Faculty of Management Library 2025-03-26   U8.2 P9 ML1489037 2025-03-26 2025-03-26 Textbook
Copyright @ Delhi University Library System